000 00210nam a22000857a 4500
008 161114b xxu||||| |||| 00| 0 eng d
100 _91183
_aKumar.P
245 _aLab-Mathematics-IX
260 _aNew Delhi
_bVidya
_c2012
999 _c3863
_d3863